| 000 | 01361nam a22002657a 4500 | ||
|---|---|---|---|
| 005 | 20180601143541.0 | ||
| 008 | 101019t xxu||||| |||| 00| 0 hin | ||
| 010 | _aHIN-96008 राष्ट्रपति-2 B-694137 | ||
| 020 |
_c150.00 _a9788170169130 |
||
| 035 | _aHN-68354 | ||
| 035 | _aB-694137 | ||
| 037 | _bDBAD / PUB | ||
| 037 | _bकिताबघर | ||
| 040 |
_aDPL _bHN |
||
| 082 | _aउ | ||
| 100 |
_923632 _aचौहान,निर्मला |
||
| 245 |
_aतृषिताः _bराष्ट्रिय महिला-कथाकार साहित्य सेवा पुरुस्कार से सम्मानित/ _cनिर्मला चौहान |
||
| 260 |
_aनई दिल्ली _c2012 _c2018 (राष्ट्रपति-2) _bकिताब घर |
||
| 270 |
_bनई दिल्ली _a24/4855,अंसारी रोड़,दरियागंज _e110002 |
||
| 300 | 1 |
_a84पृ. _c22सेमी (अजिल्द) |
|
| 500 | _aराष्ट्रपति-2 | ||
| 650 |
_9657 _aहिन्दी कथासाहित्य |
||
| 942 |
_2ddc _cHN _mचौहान _hउ |
||
| 999 |
_c66150 _d66150 |
||